Electronic consumer contracts in the conflict of laws / (Record no. 22032)
[ view plain ]
| 000 -LEADER | |
|---|---|
| fixed length control field | 01990cam a22003615a 4500 |
| 001 - CONTROL NUMBER | |
| control field | 18934831 |
| 005 - DATE AND TIME OF LATEST TRANSACTION | |
| control field | 20160726125231.0 |
| 008 - FIXED-LENGTH DATA ELEMENTS--GENERAL INFORMATION | |
| fixed length control field | 160113s2015 enk frb 001 0 eng d |
| 010 ## - LIBRARY OF CONGRESS CONTROL NUMBER | |
| LC control number | 2016297048 |
| 020 ## - INTERNATIONAL STANDARD BOOK NUMBER | |
| International Standard Book Number | 1849466912 |
| 020 ## - INTERNATIONAL STANDARD BOOK NUMBER | |
| International Standard Book Number | 9781849466912 |
| 040 ## - CATALOGING SOURCE | |
| Original cataloging agency | DLC |
| Language of cataloging | eng |
| Transcribing agency | DLC |
| Modifying agency | EG-ScBUE |
| 042 ## - AUTHENTICATION CODE | |
| Authentication code | pcc |
| 043 ## - GEOGRAPHIC AREA CODE | |
| Geographic area code | e------- |
| 082 04 - DEWEY DECIMAL CLASSIFICATION NUMBER | |
| Classification number | 343.09944 |
| Item number | TAN |
| Edition number | 22 |
| 100 1# - MAIN ENTRY--PERSONAL NAME | |
| Personal name | Tang, Zheng Sophia. |
| 9 (RLIN) | 40454 |
| 245 10 - TITLE STATEMENT | |
| Title | Electronic consumer contracts in the conflict of laws / |
| Statement of responsibility, etc | Zheng Sophia Tang. |
| 250 ## - EDITION STATEMENT | |
| Edition statement | 2nd ed. |
| 260 ## - PUBLICATION, DISTRIBUTION, ETC. (IMPRINT) | |
| Place of publication, distribution, etc | Oxford ; |
| -- | Portland, Oregon : |
| Name of publisher, distributor, etc | Hart Oublishing Ltd, |
| Date of publication, distribution, etc | 2015. |
| 300 ## - PHYSICAL DESCRIPTION | |
| Extent | xlviii, 383 p. ; |
| Dimensions | 24 cm. |
| 490 0# - Series Statement | |
| Series statement | Studies in private international law ; |
| Volume/sequential designation | vol. 1 |
| 500 ## - GENERAL NOTE | |
| General note | Index : p. 372-383. |
| 504 ## - BIBLIOGRAPHY, ETC. NOTE | |
| Bibliography, etc | Includes bibliographical references. |
| 505 ## - FORMATTED CONTENTS NOTE | |
| Formatted contents note | Electronic consumer contracts in private international law --<br/>Protective jurisdiction in the Brussels I recast -- Discretion-based jurisdiction in e-consumer contracts --<br/>Choice of court agreements in e-consumer contracts --<br/>Protective choice of law in the European Union -- Other choice of law approaches in e-consumer contracts : a comparative study -- Consumers in special contracts -- Recognition and enforcement of judgments -- Class actions in cross-border consumer contracts -- Alternative dispute resolution in cross-border consumer contracts -- Online dispute resolution in e-consumer contracts -- Effective and efficient dispute resolution for e-consumer contracts and conflict of laws. |
| 520 ## - SUMMARY, ETC. | |
| Summary, etc | This book aims to provide an answer to the urgent requirement for legal certainty, security and justice in e-consumer contracts.<br/> |
| 650 #7 - SUBJECT ADDED ENTRY--TOPICAL TERM | |
| Topical term or geographic name as entry element | Electronic contracts. |
| Source of heading or term | BUEsh |
| 9 (RLIN) | 40456 |
| 650 #7 - SUBJECT ADDED ENTRY--TOPICAL TERM | |
| Topical term or geographic name as entry element | Electronic commerce |
| Source of heading or term | BUEsh |
| General subdivision | Law and legislation. |
| 9 (RLIN) | 40455 |
| 650 #7 - SUBJECT ADDED ENTRY--TOPICAL TERM | |
| Topical term or geographic name as entry element | Jurisdiction. |
| Source of heading or term | BUEsh |
| 9 (RLIN) | 40458 |
| 650 #7 - SUBJECT ADDED ENTRY--TOPICAL TERM | |
| Topical term or geographic name as entry element | Consumer protection |
| Source of heading or term | BUEsh |
| 9 (RLIN) | 40457 |
| General subdivision | Law and legislation. |
| 651 ## - SUBJECT ADDED ENTRY--GEOGRAPHIC NAME | |
| Source of heading or term | BUEsh |
| 653 ## - INDEX TERM--UNCONTROLLED | |
| Resource For college | Law |
| Arrived date list | July2016 |
| 942 ## - ADDED ENTRY ELEMENTS (KOHA) | |
| Source of classification or shelving scheme | Dewey Decimal Classification |
| Edition | 22 |
| Call number prefix | 343.09944 TAN |
| Withdrawn status | Item status | Source of classification or shelving scheme | Damaged status | Not for loan | Vendor | Home library | Current library | Shelving location | Date acquired | Source of acquisition | Cost, normal purchase price | Serial Enumeration / chronology | Total Checkouts | Full call number | Barcode | Checked out | Date last seen | Date last borrowed | Cost, replacement price | Koha item type |
|---|---|---|---|---|---|---|---|---|---|---|---|---|---|---|---|---|---|---|---|---|
| Dewey Decimal Classification | Baccah | Central Library | Central Library | First floor | 26/07/2016 | Purchase | 829.00 | 26080 | 1 | 343.09944 TAN | 000032937 | 30/04/2026 | 23/04/2026 | 23/04/2026 | 1036.30 | Book - Borrowing |